Movies Quiz

Random Movies or Disney Quiz
Score 0/36 Timer 20:00
0 Plays Today
Box Square % Correct
A1








???
100%
A5








???
55.5%
A6








???
39.3%
D1








???
35.3%
F1








???
32.4%
F6








???
32.4%
C1








???
31.8%
D5








???
31.8%
C6








???
29.5%
D6








???
28.3%
B1








???
26%
B5








???
26%
F3








???
26%
B3








???
25.4%
A2








???
22.5%
F2








???
22%
F4








???
20.2%
D2








???
17.3%
Box Square % Correct
E3








???
17.3%
F5








???
17.3%
A3








???
15.6%
B2








???
14.5%
C4








???
14.5%
C2








???
13.9%
C3








???
13.9%
E2








???
13.9%
D4








???
13.3%
B4








???
12.7%
B6








???
12.1%
D3








???
12.1%
E6








???
11.6%
E1








???
10.4%
E4








???
10.4%
E5








???
10.4%
C5








???
8.7%
A4








???
6.9%

You're not logged in!

Compare scores with friends on all Sporcle quizzes.
OR
Log In

Sporcle TV

Today on Sporcle TV


Watch our educational content, quiz creation guides, and fun videos on Sporcle TV.

Show Comments

Extras

Top Quizzes Today


Score Distribution

Paid Content

Your Account Isn't Verified!

In order to create a playlist on Sporcle, you need to verify the email address you used during registration. Go to your Sporcle Settings to finish the process.

Report this User

Report this user for behavior that violates our Community Guidelines.

Details: